000
00331nam a22001457a 4500
008
210602b ||||| |||| 00| 0 eng d
020
_a
9021905914
041
_a
eng
080
_a
617
082
_a
617
100
_a
6
101
_a
ANE
245
_a
Complications of Anesthesia Operative risk
_c
C. Conseiller
942
_2
udc
_c
BK
999
_c
57905
_d
57905